| 000 | 00971nam a22001937a 4500 | ||
|---|---|---|---|
| 008 | 090607s2005 ii|||||r|||| 000 0 eng d | ||
| 020 | _a8122415032 | ||
| 082 |
_222 _a620.192 _bGUP |
||
| 100 |
_911496 _aGupta, M. C. |
||
| 245 |
_aPolymer Composite/ _cM. C. Gupta & A. P. Gupta |
||
| 260 |
_aNew Delhi: _bNew Age International, 2005 _c2005 |
||
| 300 |
_a151p.: _bill.; _c23 cm. |
||
| 650 |
_95875 _apolymers |
||
| 650 |
_95876 _aPolymeric composites |
||
| 942 |
_2ddc _cBB |
||
| 999 |
_c11760 _d11760 |
||